Oceňování produktů životního pojištění - klasický přístup versus cash flow metody
Saved in:
| Main Author: | |
|---|---|
| Format: | Book Chapter |
| Language: | Czech |
| Tags: |
No Tags, Be the first to tag this record!
|
MARC
| LEADER | 00000nla a2200000 4500 | ||
|---|---|---|---|
| 001 | 0216092 | ||
| 005 | 20240502073613.0 | ||
| 041 | 0 | |a cze | |
| 044 | |a SK | ||
| 245 | 1 | 0 | |a Oceňování produktů životního pojištění - klasický přístup versus cash flow metody |c Petr Červinek |
| 500 | |a Abstrakt | ||
| 100 | 1 | |a Červínek, Petr, 1977- | |